[Event "TUR-ch U13/18 Girls"]
[Site "Antalya"]
[Date "2023.01.25"]
[Round "6"]
[White "Senkal, Defne"]
[Black "Buyuk, Elvin Esma"]
[Result "1/2-1/2"]
[WhiteElo "1447"]
[BlackElo "1501"]
[PlyCount "109"]
[EventDate "2023.01.17"]
[EventType "swiss"]
[EventRounds "9"]
[EventCountry "TUR"]
[SourceTitle "EXT 2024"]
[Source "ChessBase"]
[SourceDate "2023.10.10"]
[SourceVersion "1"]
[SourceVersionDate "2023.10.10"]
[SourceQuality "1"]

1. e4 c5 2. Nf3 e6 3. d4 cxd4 4. Nxd4 Nf6 5. Nc3 d6 6. Be3 a6 7. f3 Be7 8. Qd2 Nc6 9. 0-0-0 Qc7 10. g4 0-0 11. g5 Nd7 12. h4 b5 13. h5 b4 14. Nce2 Nde5 15. Nxc6 Qxc6 16. Nd4 Qa4 17. Kb1 Bd7 18. Be2 Rac8 19. f4 Nc6 20. g6 hxg6 21. hxg6 fxg6 22. Bd3 Nxd4 23. Bxd4 b3 24. c3 Qxa2+ 25. Kc1 Qa1+ 26. Bb1 Bc6 27. Qe3 Kf7 28. f5 e5 29. Bb6 Ke8 30. fxg6 Bg5 31. Qxg5 Bxe4 32. Rxd6 Qxb1+ 33. Kd2 Qc2+ 34. Ke1 Qb1+ 35. Rd1 Qxd1+ 36. Kxd1 Bxh1 37. Qxe5+ Kd7 38. Qxg7+ Kc6 39. Bd4 Bf3+ 40. Kd2 Bd5 41. Qh6 Rfe8 42. g7+ Re6 43. Qg5 Rd6 44. Qf5 Be6 45. Qc5+ Kd7 46. Qg5 Rd5 47. Qf6 Rf5 48. Qg6 Rd5 49. Qd3 Rc6 50. Qg6 Rc8 51. Ke3 Re8 52. Kd2 a5 53. Qh7 Kc6 54. Qg6 Kc7 55. Ke3 1/2-1/2

[Event "EU-ch U14 Girls 30th"]
[Site "Antalya"]
[Date "2022.11.13"]
[Round "8"]
[White "Tsapaki, Asimenia"]
[Black "Buyuk, Elvin Esma"]
[Result "0-1"]
[WhiteElo "1608"]
[BlackElo "1354"]
[PlyCount "108"]
[EventDate "2022.11.06"]
[EventType "swiss"]
[EventRounds "9"]
[EventCountry "TUR"]
[SourceTitle "EXT 2024"]
[Source "ChessBase"]
[SourceDate "2023.10.10"]
[SourceVersion "1"]
[SourceVersionDate "2023.10.10"]
[SourceQuality "1"]

1. e4 d5 2. exd5 Qxd5 3. Nc3 Qa5 4. d4 Nf6 5. Bd2 c6 6. Bc4 Bf5 7. Nd5 Qd8 8. Nxf6+ exf6 9. Ne2 Bd6 10. c3 0-0 11. 0-0 Nd7 12. Ng3 Bxg3 13. hxg3 b5 14. Be2 Nb6 15. Bf3 Rc8 16. Re1 Qd7 17. Bf4 Be6 18. Qc2 Bd5 19. Be2 g5 20. Be3 Kg7 21. Bd3 h5 22. f3 Rh8 23. Kf2 h4 24. gxh4 Rxh4 25. Rh1 Rch8 26. Rxh4 Rxh4 27. b3 Be6 28. c4 bxc4 29. bxc4 Qc7 30. Rg1 Rh2 31. Qc1 Qd8 32. a3 Qh8 33. Kf1 Qh5 34. Bf2 g4 35. Ke2 Qh6 36. f4 f5 37. Ke3 Kf8 38. Bg3 Rh5 39. Kd2 Qf6 40. Bf2 g3 41. Be3 Qd8 42. Kc3 Nc8 43. Qd1 Qa5+ 44. Kb3 Rh6 45. Qf3 Nb6 46. Qxg3 Bxc4+ 47. Bxc4 Qa4+ 48. Kb2 Qxc4 49. Ka1 Qc3+ 50. Kb1 Nc4 51. Qf2 Qb3+ 52. Ka1 Qxa3+ 53. Qa2 Qc3+ 54. Kb1 Na3+ 0-1

[Event "EU-ch U14 Girls 30th"]
[Site "Antalya"]
[Date "2022.11.09"]
[Round "4"]
[White "Guid, Taja"]
[Black "Buyuk, Elvin Esma"]
[Result "1/2-1/2"]
[WhiteElo "1619"]
[BlackElo "1354"]
[PlyCount "57"]
[EventDate "2022.11.06"]
[EventType "swiss"]
[EventRounds "9"]
[EventCountry "TUR"]
[SourceTitle "EXT 2024"]
[Source "ChessBase"]
[SourceDate "2023.10.10"]
[SourceVersion "1"]
[SourceVersionDate "2023.10.10"]
[SourceQuality "1"]

1. e4 d5 2. exd5 Qxd5 3. Nc3 Qa5 4. Bc4 Nf6 5. Qe2 Bf5 6. d3 e6 7. Nf3 Nbd7 8. 0-0 Bb4 9. Bd2 c6 10. a3 Bxc3 11. Bxc3 Qd8 12. Nd4 Bg6 13. Rae1 0-0 14. b4 Nd5 15. Bd2 a6 16. Bb3 Qc7 17. Qf3 Ne7 18. h4 c5 19. Ne2 Qc6 20. Qh3 Nf6 21. Bg5 Bf5 22. Qh1 cxb4 23. axb4 Qd6 24. h5 h6 25. Bxf6 gxf6 26. Ng3 e5 27. Re3 Kh8 28. Rfe1 Bh7 29. R1e2 1/2-1/2

[Event "EU-ch U14 Girls 30th"]
[Site "Antalya"]
[Date "2022.11.07"]
[Round "2"]
[White "Omeri, Eklea"]
[Black "Buyuk, Elvin Esma"]
[Result "1/2-1/2"]
[WhiteElo "1685"]
[BlackElo "1354"]
[PlyCount "80"]
[EventDate "2022.11.06"]
[EventType "swiss"]
[EventRounds "9"]
[EventCountry "TUR"]
[SourceTitle "EXT 2024"]
[Source "ChessBase"]
[SourceDate "2023.10.10"]
[SourceVersion "1"]
[SourceVersionDate "2023.10.10"]
[SourceQuality "1"]

1. d4 d5 2. c4 dxc4 3. Nc3 a6 4. e3 b5 5. a4 b4 6. Bxc4 Bb7 7. Qb3 e6 8. d5 Nh6 9. Nf3 Be7 10. dxe6 Bxf3 11. exf7+ Kf8 12. gxf3 bxc3 13. bxc3 Nc6 14. Bd5 Rb8 15. Qa2 Ne5 16. e4 c6 17. Bxh6 gxh6 18. Bc4 Qa5 19. Rc1 Bg5 20. Rc2 Nxc4 21. Qxc4 Rb1+ 22. Ke2 Rxh1 23. Qd4 Kxf7 24. Qxh8 Bf6 25. Qxh7+ Bg7 26. Rd2 Qxc3 27. Qf5+ Qf6 28. Qc8 Rb1 29. Qxa6 Rb2 30. Qc4+ Kg6 31. a5 Rxd2+ 32. Kxd2 Qb2+ 33. Kd3 Qb1+ 34. Ke3 Qe1+ 35. Kf4 Qd2+ 36. Kg3 Qg5+ 37. Kh3 Qh5+ 38. Kg2 Qg5+ 39. Kf1 Qxa5 40. Qe6+ Kh7 1/2-1/2